| 000 | 01071nab a22002297a 4500 | ||
|---|---|---|---|
| 999 |
_c5287 _d5287 |
||
| 003 | OSt | ||
| 005 | 20250214085354.0 | ||
| 008 | 190604e xxu||||| |||| 00| 0 spa d | ||
| 040 | _cPJ | ||
| 100 |
_aMartínez-Moscoso, Andrés _96344 |
||
| 245 | 1 | 3 |
_aCaudal ecológico y derechos de la naturaleza : _banálisis del caso "Río Aquepi No. 1185-20-JP" / _cAndrés Martínez-Moscoso. |
| 260 |
_aCiudad Autónoma de Buenos Aires : _bThomson Reuters La Ley, _c2025. |
||
| 300 | _ap. 57-64 | ||
| 500 | _aCita Online: TR LALEY AR/DOC/2517/2024 | ||
| 505 | _aSumario: I. Introducción.— II. Hechos relevantes.— III. Estudio sobre el análisis constitucional realizado.— IV. Conclusiones. | ||
| 505 | _t¿Te interesa el texto completo? Solicitalo al correo: koha@justierradelfuego.gov.ar | ||
| 650 | 0 | _92345 | |
| 650 | 0 |
_aDAÑO AMBIENTAL _93251 |
|
| 650 | 0 |
_aJURISPRUDENCIA APLICABLE _91057 |
|
| 773 | 0 |
_02714 _93171 _dCiudad Autónoma de Buenos Aires : Thomson Reuters La Ley, 2014- _tRevista anales de legislación argentina. Nº 1 - Enero 2025. |
|
| 942 |
_2udc _cANA |
||